| 000 | 00472nam a22001697a 4500 | ||
|---|---|---|---|
| 003 | CEME | ||
| 005 | 20210628210428.0 | ||
| 008 | 210208b xxu||||| |||| 00| 0 eng d | ||
| 040 | _c. | ||
| 082 | _a297.7 A | ||
| 100 |
_aThanvi, Muhammad Ashraf Ali Muhammad Ashraf Ali Thanvi _911089 |
||
| 245 | _aKhutbat-e-hakeem ul umat rahay-e-nijat | ||
| 260 |
_aLAHORE _bIDARA TALEEFAT ASHRAFI _c1995 |
||
| 300 | _a506P | ||
| 650 |
_aISLAM-RAHAY-E-NIJAT _979372 |
||
| 942 |
_cBK _2ddc |
||
| 999 |
_c584416 _d584416 |
||